| 000 | 00754nam a22001937a 4500 | ||
|---|---|---|---|
| 001 | 10028 | ||
| 003 | FISKH | ||
| 005 | 20260401101700.0 | ||
| 008 | 260331b cb ||||| |||| 00| 0 eng d | ||
| 020 | _a9787512212633 | ||
| 040 |
_aFISKH _bchi _cFISKH _dFISKH |
||
| 082 | _a649.1 | ||
| 100 | _a杨建峰 | ||
| 245 |
_a 好妈妈胜过好老师 / _c杨建峰 |
||
| 300 |
_a182 pages : _billustrations ; _c21 cm . |
||
| 520 | _a本书围绕家庭教育展开,强调“好妈妈胜过好老师”的理念。通过生活中的教育实例,讲述父母如何在日常相处中影响孩子,培养良好的习惯与品格。书中提倡尊重孩子、有效沟通和正面引导,帮助孩子健康成长。 | ||
| 942 |
_2ddc _cBOOK _n0 |
||
| 999 |
_c10028 _d10028 |
||